|
|
|
|
| LEADER |
00000nam0a2200000 4500 |
| 001 |
352448 |
| 005 |
20231101040951.0 |
| 020 |
|
|
|a RU
|b 82-68780
|
| 035 |
|
|
|a (RuTPU)RU\TPU\retro\8998
|
| 090 |
|
|
|a 352448
|
| 100 |
|
|
|a 20191225d1982 m y0rusy5003 ca
|
| 101 |
0 |
|
|a rus
|
| 102 |
|
|
|a RU
|
| 105 |
|
|
|a y z 000zy
|
| 200 |
1 |
|
|a Союз нерушимый
|f М. Шафир
|
| 205 |
|
|
|a 2-е изд., доп. и перераб.
|
| 210 |
|
|
|a Москва
|c Московский рабочий
|d 1982
|
| 215 |
|
|
|a 159 с.
|d 16 см
|
| 225 |
1 |
|
|a Библиотечка пропагандиста и политинформатора
|
| 333 |
|
|
|a Исключено из фонда НТБ ТПУ
|
| 686 |
|
|
|a Х620.4
|2 rubbk
|
| 700 |
|
1 |
|a Шафир
|b М. А.
|g Марк Аркадьевич
|4 070
|
| 801 |
|
0 |
|a RU
|b RuMRKP
|c 19950704
|g psbo
|
| 801 |
|
1 |
|a RU
|b 63413507
|c 20191225
|
| 801 |
|
2 |
|a RU
|b 63413507
|c 20210616
|g RCR
|
| 942 |
|
|
|c BK
|